00678nam a2200217Ia 4500003000400000005001700004008004100021020001800062040001800080041000800098082002200106245008700128250001200215260005000227300002800277650003800305650002800343650004300371700002500414700002100439OSt20241211100439.0210716s2006 xx 000 0 und d a9788173197765 cAIMIT LIBRARY aeng a001.07221b IGNS aBiodiversity and insect pest management /cEdited by S Ignacimuthu and S Jayaraj. a1st ed. aNew Delhi :bNarosa Publishing House ,c2006. axi,399p. ;bHBc25.6 cm aBiodiversity in wetland ecosystem aBiodiversity of insects aHost plant resistance and biodiversity aIgnacimuthu, S., ed. aJayaraj, S., ed.